| 000 | 01447cam a2200337 a 4500 | ||
|---|---|---|---|
| 999 |
_c130323 _d130323 |
||
| 001 | 13921504 | ||
| 003 | ARRUPE | ||
| 005 | 20200207102806.0 | ||
| 008 | 050406s2005 nyua 000 0deng | ||
| 010 | _a 2005045528 | ||
| 020 | _a0312352743 | ||
| 040 |
_aDLC _cDLC _dDLC |
||
| 043 | _ae-uk--- | ||
| 050 | 0 | 0 |
_aDA28.35.W54 _bJ86 2005 |
| 082 | 0 | 0 |
_a941.085/092/2 _222 |
| 100 | 1 |
_aJunor, Penny. _949434 |
|
| 245 | 1 | 4 |
_aThe Firm : _bthe troubled life of the House of Windsor / _cPenny Junor. |
| 250 | _a1st ed. | ||
| 260 |
_aNew York : _bHarper Collins Publishers, _c2005. |
||
| 300 |
_axxi, 442 p., [15] p. of plates : _bill. (some col.) ; _c25 cm. |
||
| 504 | _aIncludes bibliographic references (p. 431-432) and index. | ||
| 600 | 3 | 0 |
_aWindsor, House of. _949435 |
| 600 | 0 | 0 |
_aElizabeth _bII, _cQueen of Great Britain, _d1926- _xFamily. _949436 |
| 650 | 0 |
_aMonarchy _zGreat Britain _xHistory _y20th century. _949437 |
|
| 651 | 0 |
_aGreat Britain _xPolitics and government _y20th century. _937076 |
|
| 856 | 4 | 2 |
_3Contributor biographical information _uhttp://www.loc.gov/catdir/enhancements/fy0624/2005045528-b.html |
| 856 | 4 | 2 |
_3Publisher description _uhttp://www.loc.gov/catdir/enhancements/fy0624/2005045528-d.html |
| 906 |
_a7 _bcbc _corignew _d1 _eocip _f20 _gy-gencatlg |
||
| 942 |
_2lcc _cMONOGRAPH |
||